000 00647nam a2200229Ia 4500
001 8646
003 GE_BSU
008 181216s||||||||xx |||||||||||||| ||und||
040 _cGE_BSU
080 _a821.353.1-1
100 _aთურმანიძე, მიხეილ
245 _aლექსები
245 _cრედ.: ვასო ხიმშიაშვილი
260 _aბათუმი
260 _bმთიანეთის გამოც.
260 _c2009
300 _a40 გვ; 19 სმ.
300 _b1 ფ. პორტრ.
541 _h2 ლ.
653 _aლექსები
942 _cBK
999 _c41962
_d41962